Statistics for Countries within the Subtropical Climate Zone

Click here to take the quiz!

General Stats

  • This quiz has been taken 72 times
  • The average score is 37 of 47

Answer Stats

ContinentCountry% Correct
AsiaChina
92%
AfricaSouth Africa
90%
AsiaIndia
88%
AsiaJapan
88%
AsiaIran
86%
AfricaMorocco
86%
AfricaAlgeria
84%
South AmericaBrazil
84%
AfricaEgypt
84%
AsiaIraq
84%
AsiaIsrael
84%
North AmericaMexico
84%
AsiaPakistan
84%
North AmericaUnited States
84%
AsiaAfghanistan
82%
South AmericaArgentina
82%
OceaniaAustralia
82%
AfricaLibya
82%
OceaniaNew Zealand
82%
South AmericaParaguay
82%
South AmericaUruguay
82%
South AmericaChile
80%
AsiaLebanon
80%
AsiaQatar
80%
AfricaTunisia
80%
AsiaVietnam
80%
AsiaBahrain
78%
AfricaBotswana
78%
AsiaKuwait
78%
AsiaSaudi Arabia
78%
AsiaSyria
78%
AsiaUnited Arab Emirates
78%
AsiaBangladesh
76%
AsiaJordan
76%
AsiaMyanmar
76%
AfricaNamibia
76%
AsiaNepal
76%
AsiaOman
76%
North AmericaBahamas
73%
AfricaEswatini
73%
AsiaSouth Korea
73%
AfricaMozambique
69%
AfricaMadagascar
67%
AfricaMauritania
67%
AfricaNiger
67%
AsiaTaiwan
65%
AfricaMali
63%

Score Distribution

Percentile by Number Answered

Percent of People with Each Score

Your Score History

You have not taken this quiz